<?xml version="1.0" encoding="UTF-8"?>
<collection xmlns="http://www.loc.gov/MARC21/slim">
  <record>
    <leader>00000nam  2200000   4500</leader>
    <controlfield tag="001">INLIS000000000001412</controlfield>
    <controlfield tag="005">20130612085823</controlfield>
    <controlfield tag="008">***********************************Ind**</controlfield>
    <datafield tag="035" ind1="#" ind2="#">
      <subfield code="0">010-061300000001412</subfield>
    </datafield>
    <datafield tag="041" ind1="#" ind2="#">
      <subfield code="a">Ind</subfield>
    </datafield>
    <datafield tag="082" ind1="#" ind2="#">
      <subfield code="a">891.4</subfield>
    </datafield>
    <datafield tag="090" ind1="#" ind2="#">
      <subfield code="a">891.4, Dut-s</subfield>
    </datafield>
    <datafield tag="100" ind1="#" ind2="#">
      <subfield code="a">DUTT, Indu</subfield>
    </datafield>
    <datafield tag="245" ind1="#" ind2="#">
      <subfield code="a">Surat wasiat Rabidranath Tagore, Indu Dutt; Penerjemah, Sumaryono Basuki; Penyunting, J. Gusti Ngurah Bagus</subfield>
    </datafield>
    <datafield tag="260" ind1="#" ind2="#">
      <subfield code="a">1998</subfield>
      <subfield code="b">Denpasar</subfield>
    </datafield>
    <datafield tag="300" ind1="#" ind2="#">
      <subfield code="a">v, 195 hlm, 21 cm</subfield>
    </datafield>
    <datafield tag="650" ind1="#" ind2="#">
      <subfield code="a">Kesusastraan India</subfield>
    </datafield>
    <datafield tag="700" ind1="#" ind2="#">
      <subfield code="a">BASUKI, Sunaryono</subfield>
    </datafield>
    <datafield tag="850" ind1="#" ind2="#">
      <subfield code="a">NBPNMAT</subfield>
    </datafield>
  </record>
</collection>
